Proceedings of a symposium on astronomical optics and related subjects : held in the University of Manchester, April 19th-22nd, 1955 /

Bibliographic Details
Corporate Author: University of Manchester. Department of Astronomy
Other Authors: Kopal, Zdeněk, 1914-1993
Format: Book
Language:English
French
German
Published: Amsterdam : North-Holland Pub. Co., agency for U.S.A.: Interscience Publishers, New York, 1956.
Subjects:

MARC

Tag First Indicator Second Indicator Subfields
LEADER 00000cam a2200000 4500
001 in00000050282
005 20151007065841.0
008 750516s1956 ne b 00000 eng u
010 |a  56058571  
035 |a (OCoLC)01337868 
035 |9 AAE2818AM 
040 |c GAT  |d TXA  |d UtOrBLW 
041 0 |a eng  |a fre  |a ger 
049 |a TXAM  |c [421949] 
050 0 0 |a QB1  |b .V46 1955 
082 0 |a 522.6 
092 |a 522.6  |b V645p, 1956 
110 2 |a University of Manchester.  |b Department of Astronomy. 
245 1 0 |a Proceedings of a symposium on astronomical optics and related subjects :  |b held in the University of Manchester, April 19th-22nd, 1955 /  |c edited by Zdenek Kopal, professor of astronomy. 
264 1 |a Amsterdam :  |b North-Holland Pub. Co., agency for U.S.A.: Interscience Publishers, New York,  |c 1956. 
300 |a xv, 428 pages :  |b illustrations, diagrams ;  |c 24 cm. 
336 |a text  |b txt  |2 rdacontent 
337 |a unmediated  |b n  |2 rdamedia 
338 |a volume  |b nc  |2 rdacarrier 
500 |a Papers in English, French, or German. 
504 |a Includes bibliographies. 
650 0 |a Astronomy  |x Societies, etc. 
650 0 |a Optics. 
700 1 |a Kopal, Zdeněk,  |d 1914-1993. 
740 2 |a A symposium on astronomical optics and related subjects. 
999 |a MARS 
999 f f |s ff38b477-b7ed-36a8-9293-03d59a826757  |i 2cd27c1c-4788-3da1-b38d-f15dd75503c8  |t 0 
952 f f |p ric  |a Texas A&M University  |b Rellis Campus  |c Joint Library Facility  |d Remote Storage  |t 0  |e QB1 .V46 1955  |h Library of Congress classification  |i unmediated -- volume  |m A14800899456 
998 f f |a QB1 .V46 1955  |t 0  |l Remote Storage